000 00862nam a2200205Ii 4500
003 JO-AjNU
008 230605s9999||||xx |||||||||||||| ||und||
040 _aJO-AjNU
_bara
_erda
_cJO-AjNU
041 _aara
050 1 4 _aK5018.S2332.2012
100 3 _a الصغير، جميل عبد الباقي ,
_eauthor
_944731
245 0 0 _aالقانون الجنائي والتكنولوجيا الحديثة : الجرائم الناشئة عن استخدام الحاسب الألي، الكتاب الاول
250 _aط2
264 3 1 _aالقاهرة : دار النهضة العربية ، 2012
300 _aالكتاب الاول، 214ص
336 _atext
_btxt
_2rdacontent
337 _aunmediated
_bn
_2rdamedia
338 _avolume
_bnc
_2rdacarrier
650 4 _aقانون جنائي -- تكنولوجيا -- قوانين وتشريعات
_944732
999 _aA19337
_c22905
_d22905